UBT Library

Arbitration in Austria : (Record no. 350)

000 -LEADER
fixed length control field 00629nam a22002177a 4500
008 - FIXED-LENGTH DATA ELEMENTS--GENERAL INFORMATION
fixed length control field 131125b xxu||||| |||| 00| 0 eng d
020 ## - INTERNATIONAL STANDARD BOOK NUMBER
International Standard Book Number 9783708304441
041 0# - LANGUAGE CODE
Language code of text/sound track or separate title eng
080 ## - UNIVERSAL DECIMAL CLASSIFICATION NUMBER
Universal Decimal Classification number 342.9
Common auxiliary subdivision (436)
100 1# - Rafti
Rafti Zeiler, Gerold
245 10 - TITLE STATEMENT
Title Arbitration in Austria :
Statement of responsibility, etc Gerold Zeiler
250 ## -
-- 2nd edition
260 ## -
-- Wien :
-- Neuer wissenschaftlicher verlag ;
-- 2007
300 ## -
-- 123 f. :
-- 22 cm.
500 ## -
-- Preface : f. 5
500 ## -
-- Preface to the 1st edition f. : 6-7
505 ## -
-- Includes anex and index
650 #0 -
-- Arbitrazhi
-- Austri
700 1# -
-- Steindl, Barbara
942 ## - ADDED ENTRY ELEMENTS (KOHA)
Source of classification or shelving scheme
Item type Books
Holdings
Withdrawn status Lost status Source of classification or shelving scheme Damaged status Not for loan Collection code Permanent location Current location Shelving location Date acquired Total Checkouts Full call number Barcode Date last seen Price effective from Koha item type
          Koleksioni i përgjithshem UBT - Prishtine UBT - Prishtine Koleksioni i përgjithshem 11/25/2013   342.9(436) ZEI 001-000461 11/25/2013 11/25/2013 Books
UBT Library © 2015-2024. All rights reserved University Education for Business and Technology